The workings of the administrative appeals tribunal (Record no. 476569)

000 -LEADER
fixed length control field 00463cam a22001337a 4500
008 - FIXED-LENGTH DATA ELEMENTS--GENERAL INFORMATION
fixed length control field 180718b1980 xxu||||| |||| 00| 0 eng d
082 ## - DEWEY DECIMAL CLASSIFICATION NUMBER
Classification number I92x94 C16
100 ## - MAIN ENTRY--PERSONAL NAME
Personal name Goldring, John; ed.
245 ## - TITLE STATEMENT
Title The workings of the administrative appeals tribunal
Statement of responsibility, etc. edited by John Goldring
260 ## - PUBLICATION, DISTRIBUTION, ETC.
Place of publication, distribution, etc. Belconnen
Name of publisher, distributor, etc. Canberra College of Advenced Education
Date of publication, distribution, etc. 1980
300 ## - PHYSICAL DESCRIPTION
Extent 71p.
650 ## - SUBJECT ADDED ENTRY--TOPICAL TERM
Topical term or geographic name entry element Administrative Courts - Australia
700 ## - ADDED ENTRY--PERSONAL NAME
Personal name Canberra College of Advanced Education
Holdings
Withdrawn status Lost status Damaged status Not for loan Permanent Location Current Location Date acquired Full call number Barcode Date last seen Price effective from Koha item type
        Indian Institute of Public Administration Indian Institute of Public Administration 2018-08-04 I92x94 C16 GR11353 2018-08-04 2018-08-04 GR

Powered by Koha